000
00281nam a2200121Ia 4500
100
_a
Anderson/Edwin.P.
942
_c
BK
654
_a
Mechanics
245
_a
Audels Millwrights of Mechanics Guide
260
_b
Taraporevala Sons & Co
_c
2001
082
_a
621.9
546
_a
ENGLISH
999
_c
34633
_d
34633